[Event "Ubate Segunda sf Dep m II"]
[Site "Ubate"]
[Date "2016.11.13"]
[Round "3.1"]
[White "Montenegro Mancera, Juan Rolando"]
[Black "Segura T, Jesus Daniel"]
[Result "1-0"]
[WhiteElo "2144"]
[BlackElo "1706"]
[PlyCount "72"]
[EventDate "2016.11.12"]
[EventType "swiss"]
[EventRounds "5"]
[EventCountry "COL"]
[SourceTitle "EXT 2024"]
[Source "ChessBase"]
[SourceDate "2023.10.10"]
[SourceVersion "1"]
[SourceVersionDate "2023.10.10"]
[SourceQuality "1"]

1. e4 e6 2. d3 c5 3. Nf3 Nc6 4. g3 Nf6 5. Bg2 Be7 6. 0-0 Rb8 7. c3 0-0 8. d4 d6 9. Qe2 Qc7 10. dxc5 dxc5 11. e5 Nd5 12. c4 Nb6 13. Nc3 a6 14. h4 Nd4 15. Qe4 Nxc4 16. Re1 b5 17. Qg4 Nxf3+ 18. Bxf3 Nxe5 19. Rxe5 Qxe5 20. Bf4 f5 21. Qh3 Qd4 22. Bxb8 b4 23. Rd1 Qf6 24. Na4 f4 25. g4 e5 26. Qg2 Bxg4 27. Bxe5 Qxe5 28. Qxg4 Rf6 29. Kf1 Qc7 30. Rd7 Qe5 31. Qg5 Re6 32. Qxe5 Rxe5 33. Rd5 Rxd5 34. Bxd5+ Kf8 35. h5 g6 36. hxg6 hxg6 1-0

[Event "Ortega op 4th"]
[Site "Ortega"]
[Date "2014.07.05"]
[Round "5"]
[White "Segura T, Jesus Daniel"]
[Black "Hernandez, Schneider"]
[Result "1-0"]
[WhiteElo "1697"]
[BlackElo "1737"]
[PlyCount "59"]
[EventDate "2014.07.03"]
[EventType "swiss"]
[EventRounds "7"]
[EventCountry "COL"]
[SourceTitle "EXT 2015"]
[Source "ChessBase"]
[SourceDate "2014.11.20"]
[SourceVersion "1"]
[SourceVersionDate "2014.11.20"]
[SourceQuality "1"]

1. e4 e5 2. Nf3 Nc6 3. Bc4 Bc5 4. 0-0 Nf6 5. d4 Nxd4 6. Nxe5 Ne6 7. Bxe6 fxe6 8. Bg5 0-0 9. Nc3 Be7 10. f4 d6 11. Nd3 Nd7 12. Qg4 Nb6 13. Bh6 Rf7 14. f5 Kh8 15. fxe6 Bf6 16. Bg5 Rf8 17. Bxf6 Rxf6 18. Rxf6 Qxf6 19. Nf4 c6 20. Rf1 Qe7 21. b3 a5 22. Qf5 Kg8 23. Rf3 Qf6 24. Qg4 Qd4+ 25. Kh1 d5 26. Qh5 g6 27. Qg5 Qc5 28. Nxg6 Bxe6 29. Ne7+ Kh8 30. Qf6# 1-0